10 Maps de course Stumble Guys - Statistiques

Statistiques générales
  • Ce quiz a été pris 38 fois
  • Le résultat moyen est 4 sur 10
Statistiques - réponses
Par images Réponse % Correct
Super Slide
93%
Lava Rush
59%
Jungle Roll
48%
Tile Fall
48%
Lost Temple
41%
Cannon climb
37%
Pivot Push
33%
Humble Stumble
30%
Floor flip
26%
Icy Heights
19%
Aucun quiz correspondant
Distribution des résultats
% des personnes avec chaque résultat
Percentile par nombre de réponses
Votre historique - résultats
Vous n’avez pas pris ce quiz